|
|
|
|
| LEADER |
01076nam a2200265 u 4500 |
| 001 |
10020840 |
| 003 |
upatras |
| 005 |
20210117205501.0 |
| 008 |
990311s1988 gr gre |
| 040 |
|
|
|a GR-PaULI
|c GR-PaULI
|
| 041 |
0 |
|
|a gre
|
| 082 |
0 |
4 |
|a 330
|
| 100 |
1 |
|
|a Boyer, Robert
|9 87606
|
| 245 |
1 |
0 |
|a Η θεωρία της ρύθμισης
|b κριτική ανάλυση
|c Robert Boyer; μετάφραση Γιώργος Δουράκης
|
| 260 |
|
|
|a Αθήνα
|b Εξάντας
|c 1988
|
| 300 |
|
|
|a 212 σ.
|c 20 εκ.
|
| 504 |
|
|
|a Περιλαμβάνει βιβλιογραφία
|
| 650 |
|
4 |
|a Οικονομία
|9 547
|
| 650 |
|
4 |
|a Οικονομική πολιτική
|9 2507
|
| 700 |
1 |
|
|a Δουράκης, Γιώργος
|4 trl
|9 145076
|
| 852 |
|
|
|a GR-PaULI
|b ΠΑΤΡΑ
|b ΒΚΠ
|b ΒΣ1
|k ΑΣΧΕ
|h 330 B
|m 041350
|p 025000004572
|t 1
|
| 942 |
|
|
|2 ddc
|c BK15
|
| 952 |
|
|
|0 0
|1 0
|4 0
|6 330_000000000000000_B
|7 0
|9 181269
|a LISP
|b LISP
|c BSC
|d 2016-04-24
|i 041350
|l 0
|o 330 B
|p 025000004572
|r 2016-04-24 00:00:00
|t 1
|w 2016-04-24
|y BK15
|
| 998 |
|
|
|c ΜΑΝΙΑΚΗ
|d 1999-03
|
| 999 |
|
|
|c 112040
|d 112040
|